000 00663nam a2200217Ia 4500
003 IIN
005 20240122131556.0
008 231217s9999 xx 000 0 und d
020 _cRs.2695.00
_a9788131253311
040 _aIIN
_bEnglish
082 _a610.73677
_bLEW
100 1 _aLewis,Sharon L.
245 1 _aLewis's Medical-Surgical Nursing
_cSharon L. Lewis...[et al]
250 _a3rd South Asia ed
_bAdaptation edited by Chintamani MS and Mrinalini Mani
260 _bElsevier
_aNew Delhi
_c2018
300 _axxxiii, 787-1606 p. / V.2
650 1 _aMedical Surgical
_vNursing
700 1 _aChintamani, MS
700 1 _aMani, Mrinalini
942 _cBOOK
999 _c461
_d461